| 000 | 00700nam a2200253Ia 4500 | ||
|---|---|---|---|
| 003 | OSt | ||
| 005 | 20220918163629.0 | ||
| 006 | a|||||r|||| 00| 0 | ||
| 007 | ta | ||
| 008 | 220917b |||||||| |||| 00| 0 eng d | ||
| 020 | _a019520137X | ||
| 024 | _a63,449 | ||
| 037 | _cTextual | ||
| 040 |
_aARTS _cARTS _beng |
||
| 041 |
_2eng _aeng |
||
| 082 | _aRxL70x, M0 | ||
| 100 |
_aScharfstein Ben Ami _914233 |
||
| 245 | 0 |
_aPhilsophers _b their lives and the nature of their thought |
|
| 260 |
_aNew York _bOxford University Press U. S. A. _c1980 |
||
| 300 |
_a486p. _ccm. |
||
| 650 | _aPHILOSOPHY | ||
| 942 |
_hRxL70x, M0 _cTEXL _2CC |
||
| 999 |
_c120483 _d120483 |
||